Flagi państw azji - wielokrotny wybór - Statystyki

Ogólne statystyki
  • Ten quiz został rozwiązany 15 razy
  • Średni wynik to 9 z 10
Statystyki odpowiedzi
Zagadnienie Odpowiedź % Poprawnych
Korea Południowa
100%
Bhutan
93%
Bangladesz
93%
Syria
93%
Wietnam
93%
Uzbekistan
93%
Tadżykistan
80%
Bahrajn
80%
Malediwy
73%
Zjednoczone Emiraty Arabskie
67%
Nie znaleziono quizów pasujących do podanych kryteriów
Rozkład punktacji
Procent ludzi z każdym wynikiem
Percentyl według liczby udzielonych odpowiedzi
Twoja historia wyników
Nie rozwiązałeś tego quizu